Score 0/24 Timer 05:00
0 Plays Today
% Correct
syrup'll
91.1%
slurp'll
89.6%
gerbil
88.3%
herbal
87.5%
stirrup'll
86.8%
chirp'll
85.8%
per poll
85.7%
Europe'll
85.6%
purr pill
84.9%
poor Paul
84.5%
insurable
84.4%
fur pull
84.3%
% Correct
twerp'll
84.2%
sure pull
83.8%
burp'll
82.8%
pure bull
82.8%
Earp'll
79.9%
nurple
78.9%
burr pull
77.4%
perp'll
76.6%
Terp'll
71.9%
vorpal
63.1%
herp'll
61.2%
Chur pull
55.3%
Remove Ads.
Support Sporcle.
Get the best of Sporcle when you Go Orange. This ad-free experience offers more features, more stats, and more fun while also helping to support Sporcle. Thank you for becoming a member.

You're not logged in!

Compare scores with friends on all Sporcle quizzes.
OR
Log In

Show Comments

Extras

Top Quizzes Today


Score Distribution

Your Account Isn't Verified!

In order to create a playlist on Sporcle, you need to verify the email address you used during registration. Go to your Sporcle Settings to finish the process.

Report this User

Report this user for behavior that violates our Community Guidelines.

Details: